Religion Quiz

Random Religion or Islam Quiz

Countries with Most Muslims Quiz Stats

 Plays Quiz not verified by Sporcle

Challenge
Share
Tweet
Embed
Score 0/10 Timer 03:00
0 Plays Today
% of World's Muslims Country % Correct
10.9India
93.8%
12.7Indonesia
92.8%
4.9Egypt
92.8%
4.6Iran
91.8%
11.0Pakistan
90.7%
4.6Turkey
80.4%
2.7Algeria
80.4%
4.7Nigeria
74.2%
2.0Morocco
70.1%
9.2Bangladesh
69.1%

You're not logged in!

Compare scores with friends on all Sporcle quizzes.
OR
Log In

You Might Also Like...

Show Comments

Extras

Top Quizzes Today


Score Distribution

Your Account Isn't Verified!

In order to create a playlist on Sporcle, you need to verify the email address you used during registration. Go to your Sporcle Settings to finish the process.

Report this User

Report this user for behavior that violates our Community Guidelines.

Details: